| Tag |
First Indicator |
Second Indicator |
Subfields |
| LEADER |
00000cam a22000001 4500 |
| 001 |
in00000035567 |
| 005 |
20151007062037.0 |
| 008 |
711207s1964 nyu b 00010 eng |
| 010 |
|
|
|a 64007878
|
| 035 |
|
|
|a (OCoLC)00349032
|
| 035 |
|
|
|9 AAD3816AM
|
| 040 |
|
|
|a DLC
|c DLC
|d TXA
|d UtOrBLW
|
| 041 |
1 |
|
|a eng
|a fre
|
| 049 |
|
|
|a TXAM
|c [412885]
|
| 050 |
0 |
0 |
|a PR93
|b .L43 1964
|
| 082 |
0 |
|
|a 820.9
|
| 092 |
|
|
|a 820.9
|b L516h, 1964
|
| 100 |
1 |
|
|a Legouis, Emile,
|d 1861-1937.
|
| 240 |
1 |
0 |
|a Histoire de la litterature anglaise. English
|
| 245 |
1 |
2 |
|a A history of English literature :
|b The Middle Ages and the Renascence (650-1660) /
|c by Emile Legouis, translated from the French by Helen Douglas Irvine; Modern times (1660-1963) by Louis Cazamian and Raymond Las Vergnas (Book 8).
|
| 250 |
|
|
|a Rev. ed.
|b Bibliographies by Donald Davie and Pierre Legouis.
|
| 264 |
|
1 |
|a New York :
|b Macmillan,
|c [1964]
|
| 300 |
|
|
|a xxiii, 1469 pages ;
|c 20 cm.
|
| 336 |
|
|
|a text
|b txt
|2 rdacontent
|
| 337 |
|
|
|a unmediated
|b n
|2 rdamedia
|
| 338 |
|
|
|a volume
|b nc
|2 rdacarrier
|
| 650 |
|
0 |
|a English literature
|x History and criticism.
|
| 700 |
1 |
|
|a Cazamian, Louis François,
|d 1877-1965.
|
| 700 |
1 |
|
|a Las Vergnas, Raymond,
|d 1902-
|
| 999 |
|
|
|a MARS
|
| 999 |
f |
f |
|s 51f60880-2433-3b9c-b86e-6f0c5cecf4bb
|i 29003a21-b880-3e39-bb21-b1a9c2f0e11e
|t 0
|
| 952 |
f |
f |
|p ric
|a Texas A&M University
|b Rellis Campus
|c Joint Library Facility
|d Remote Storage
|t 0
|e PR93 .L43 1964
|h Library of Congress classification
|i unmediated -- volume
|m A14801272330
|
| 998 |
f |
f |
|a PR93 .L43 1964
|t 0
|l Remote Storage
|